| 000 | 00588cam a2200181 a 4500 | ||
|---|---|---|---|
| 005 | 20250901165402.0 | ||
| 008 | 921103s1993 nyu b 000 0 eng | ||
| 010 | _a 92039678 | ||
| 020 |
_a0195076761 (alk. paper) : _c$19.95 |
||
| 050 | 0 | 0 |
_aNX180.S6 .H84 1993 _bH85 1993 |
| 082 | 0 | 0 |
_a700/.1/0309730904 _220 |
| 100 | 1 |
_aHughes, Robert, _d1938-2012. |
|
| 245 | 1 | 0 |
_aCulture of complaint : _bthe fraying of America / _cRobert Hughes. |
| 260 |
_aNew York : _bOxford University Press, _c1993. |
||
| 300 |
_axiii, 210 p. ; _c22 cm. |
||
| 500 | _aBased on a series of lectures. | ||
| 942 | _2ddc | ||
| 999 |
_c3121 _d3121 |
||